| 000 | 00761nam a2200241 a 4500 | ||
|---|---|---|---|
| 001 | BRCA_5732 | ||
| 005 | 20190320205209.0 | ||
| 008 | 040311s1915----mx-######s---#000-0#spa-# | ||
| 041 | _aspa | ||
| 044 | _amx | ||
| 050 | 4 |
_aHG5601 _b.F56 1915 |
|
| 245 | 1 | 0 |
_aFinanzas y contabilidad _bRevista mensual de divulgación financiera y contable. |
| 260 |
_aMéxico _bFinanzas _c1915 |
||
| 300 |
_a125 p. _c23 cm. |
||
| 500 | _aVol. XII, Núm. 6 junio, 1915 | ||
| 500 | _aIncluye auditoría de fideicomisos y contabilidad colonial | ||
| 500 | _aRevista inventariada por Banco de México como libro | ||
| 500 | _aH50 | ||
| 650 | 1 | 4 |
_aContabilidad _zMéxico _914545 |
| 650 | 1 | 4 |
_aFinanzas _vPublicación periódica _zMéxico _914546 |
| 902 | _aGFM | ||
| 942 |
_2lcc _cB |
||
| 999 |
_c5422 _d5422 |
||